书目信息 |
| 书名: | 电磁学及其应用 | |
| 作者: | Law,Kelton著. | |
| 分册号: | [专著] / | |
| 分册名: | 出版地: | 北京 : |
|
| 出版社: | 清华大学出版社 | |
| 出版时间: | 2001. | |
| 页数: | 19,617页 ; | |
| 开本: | 23cm. | |
| 丛书名: | 信息技术学科与电气工程学科系列 | |
| 中图分类号: | ||
| 科图分类号: | ||
| 其他分类号: | O44:H31 | |
| 主题词: | ||
| 电子资源: | ||
| 000 | 00936nam 2200265 a 4500 | |
| 001 | 01200107759 | |
| 005 | 20070818155128.25 | |
| 008 | 010927d2001 ch 0 chi0 | |
| 020 | @a7-302-04545-3 :@cCNY58.00. | |
| 040 | @aNLC@bchi | |
| 041 | @aeng | |
| 090 | @aO44:H31 | |
| 099 | @dO44:H31@ex10=5 | |
| 100 | 1 | @aLaw @4著 |
| 245 | 10 | @a电磁学及其应用@h[专著] / @cLaw,Kelton著. |
| 246 | 1 | @aElectromagnetics With Applications |
| 250 | @a5th ed(本书影印版由McGraw-Hill出版公司授权清华大学出版社在中国境内(不包括香港、澳门特别行政区和台湾地区)独家出版、发行). | |
| 260 | 1 | @a北京 :@b清华大学出版社,@c2001. |
| 300 | @a19,617页 ;@c23cm. | |
| 440 | 0 | @a信息技术学科与电气工程学科系列 @v6 |
| 500 | @a国际知名大学原版教材 | |
| 520 | @a本书首先介绍电磁学中的量刚、单位制及矢量分析的基础知识,然后作为主体全面叙述电磁学及电磁场与电磁波的经典理论。 | |
| 650 | 04 | @a电磁学 @x高等学校 |
| 650 | 04 | @a电磁学 |
| 700 | 1 | @aKelton @4著 |
| 电磁学及其应用 [[专著] / ] / Law,Kelton著.-5th ed(本书影印版由McGraw-Hill出版公司授权清华大学出版社在中国境内(不包括香港、澳门特别行政区和台湾地区)独家出版、发行).-北京 : : 清华大学出版社, , 2001. |
| 19,617页 ; ; 23cm.- (信息技术学科与电气工程学科系列 6 ) |
| 国际知名大学原版教材 .-本书首先介绍电磁学中的量刚、单位制及矢量分析的基础知识,然后作为主体全面叙述电磁学及电磁场与电磁波的经典理论。 |
| ISBN 7-302-04545-3 :CNY58.00. |
| 本书首先介绍电磁学中的量刚、单位制及矢量分析的基础知识,然后作为主体全面叙述电磁学及电磁场与电磁波的经典理论。 |
| ● |
| 相关链接 |
|
|
|
|
正题名:电磁学及其应用
索取号:O44:H31/x10=5
 
预约/预借
| 序号 | 登录号 | 条形码 | 馆藏地/架位号 | 状态 | 备注 |
| 1 | 10779 | 300107792 | 第二样本阅览室/ [索取号:O44:H31/x10=5] | 在馆 | |
| 2 | 16658 | 300166585 | 第四借阅区/ [索取号:O44:H31/x10=5] | 在馆 | |
| 3 | 16659 | 300166594 | 第四借阅区/ [索取号:O44:H31/x10=5] | 在馆 | |
| 4 | 16660 | 300166601 | 第四借阅区/ [索取号:O44:H31/x10=5] | 在馆 | |
| 5 | 16661 | 300166610 | 第四借阅区/ [索取号:O44:H31/x10=5] | 在馆 |